mysqli: Table './ulib62015/stat_globaluid' is marked as crashed and should be repaired
select id from stat_globaluid where statuid='20260517200435_4606'
mysqli: Table './ulib62015/stat_globaluid' is marked as crashed and should be repaired
DELETE FROM stat_globaluid
WHERE id NOT IN (
SELECT id
FROM (
SELECT id
FROM stat_globaluid
ORDER BY id DESC
LIMIT 100
) foo
);
mysqli: Table './ulib62015/stat_globaluid' is marked as crashed and should be repaired
insert into stat_globaluid set
statuid='20260517200435_4606',
dt='1779023075',
phpself='/ULIB62015/dublinfull.php',
agent='Mozilla/5.0 AppleWebKit/537.36 (KHTML, like Gecko; compatible; ClaudeBot/1.0; +claudebot@anthropic.com)',
yea='2026',
mon='5',
dat='17',
ip='216.73.216.45'
mysqli: Table './ulib62015/stathist_viewbib_bib_type' is marked as crashed and should be repaired
insert into stathist_viewbib_bib_type set
dat='17' ,
mon='05' ,
yea='2026' ,
statuid='20260517200435_4606' ,
head='13399121745' ,
foot='marc' ,
dt='1779023075'
| LEADER : 00000nam 2200000uu 4500 |
| 001 13399121745 |
| 003 ULIB |
| 008 161113s2014||||th 000 0 tha d |
| 020 ^a9789749601006
|
| 050 4 ^aPL4209^bS619r 2014
|
| 100 0 ^aSirindhorn,^cPrincess, daughter of Bhumibol Adulyadej, King of Thailand,^d1955-
|
| 245 10 ^aSirindhorn,^cPrincess, daughter of Bhumibol Adulyadej, King of Thailand,^d1955-
|
| 246 31 ^aความคิดคำนึง
|
| 250 ^a4th ed.
|
| 260 ^aBangkok :^bPromotion de Licence-es-Lettres, Universite Chulalongkorn,^c2014.
|
| 300 ^a130, 191 p. ;^c17 cm.
|
| 546 ^aText in French with translations in Thai and English
|
| 600 00 ^aSirindhorn,^cPrincess, daughter of Bhumibol Adulyadej, King of Thailand,^d1955-
|
| 650 2 ^aFrench poetry
|
| 650 2 ^aThai poetry
|
| 945 ^p150^l0^i024509
|
| 945 ^p150^l0^i024510 |
| 999 ^a57066
|
| คุณยังไม่ได้ล็อกอิน คุณสามารถมีกิจกรรมร่วมกับเว็บไซต์ได้ แต่ต้องล็อกอินก่อน :: |
|
|
|
| ลำดับที่ |
ประเภท |
เลขเรียก/บาร์โค้ด |
สถานที่ |
สถานะ |
| 1. |
 หนังสือ | PL4209 S619r 2014 ฉ.1 Barcode: 024509 | หนังสือทั่วไป | บนชั้น ขอยืม |
| Note:งบประมาณ2559 |
| 2. |
 หนังสือ | PL4209 S619r 2014 ฉ.2 Barcode: 024510 | หนังสือทั่วไป | บนชั้น ขอยืม |
| Note:งบประมาณ2559 |
|
ยังไม่เคยถูกคอมเมนท์
|
| คอมเมนท์ทรัพยากรรายการนี้ |
|